000 00736nam a2200229 i 4500
001 99496
003 ES-MaACL
005 20230906182515.0
007 t|
008 050912s1970 sp ||||1| spa d
100 1 _aMartín Serrano, Manuel.
_977663
245 1 0 _aPublicidad y sociedad de consumo en España /
_cManuel Martín Serrano.
260 _aMadrid :
_bCuadernos para el Diálogo,
_c1970.
300 _a40 p. :
_bil. ;
_c27 cm.
490 1 _aLos suplementos ;
_v15
650 4 _aPublicidad-
_zEspaña.
_9171765
650 0 0 _aConsumismo-
_zEspaña-
_y1939-1975.
_911303
710 2 _aCuadernos para el Diálogo.
_93333
830 1 _aLos suplementos ;
_v15
_9181306
852 _aES-MaACL
_j2098-F-6
999 _c99496
_d99496